|
|
|
|
| LEADER |
00000nlm2a2200000 4500 |
| 001 |
122520 |
| 005 |
20231031130049.0 |
| 035 |
|
|
|a (RuTPU)RU\TPU\book\132649
|
| 090 |
|
|
|a 122520
|
| 100 |
|
|
|a 20071004d2006 k y0rusy50 ca
|
| 101 |
0 |
|
|a rus
|
| 102 |
|
|
|a RU
|
| 105 |
|
|
|a y j 000zy
|
| 135 |
|
|
|a vrcn ---uucaa
|
| 181 |
|
0 |
|a i
|
| 182 |
|
0 |
|a b
|
| 200 |
0 |
|
|a Т. 2
|b Электронный ресурс
|
| 203 |
|
|
|a Текст
|c электронный
|
| 210 |
|
|
|a Москва
|c Юридическая фирма "Контракт"
|c Издательский дом "Инфра-М"
|d 2006
|
| 230 |
|
|
|a 1 компьютерный файл (pdf; 5645 KB)
|
| 300 |
|
|
|a Заглавие с титульного экрана
|
| 300 |
|
|
|a Электронная версия печатной публикации
|
| 337 |
|
|
|a Adobe Reader
|
| 461 |
|
1 |
|0 (RuTPU)RU\TPU\book\132645
|t Гражданское право Российской Федерации
|o в 2 томах
|f под ред. О. Н. Садикова
|
| 610 |
1 |
|
|a гражданское право
|
| 610 |
1 |
|
|a Российская Федерация
|
| 610 |
1 |
|
|a Россия
|
| 610 |
1 |
|
|a гражданский кодекс
|
| 610 |
1 |
|
|a купля-продажа
|
| 610 |
1 |
|
|a договор дарения
|
| 610 |
1 |
|
|a договор ренты
|
| 610 |
1 |
|
|a аренда
|
| 610 |
1 |
|
|a наем
|
| 610 |
1 |
|
|a ссуды
|
| 610 |
1 |
|
|a договор подряда
|
| 610 |
1 |
|
|a заемы
|
| 610 |
1 |
|
|a кредит
|
| 610 |
1 |
|
|a транспортные договоры
|
| 610 |
1 |
|
|a договоры страхования
|
| 610 |
1 |
|
|a учебники
|
| 610 |
1 |
|
|a электронный ресурс
|
| 686 |
|
|
|a Х623
|v LBC/SL-A
|2 rubbk
|
| 801 |
|
1 |
|a RU
|b 63413507
|c 20071004
|g PSBO
|
| 801 |
|
2 |
|a RU
|b 63413507
|c 20071004
|g PSBO
|
| 856 |
4 |
|
|u http://www.lib.tpu.ru/fulltext/m/2007/m33.pdf
|
| 942 |
|
|
|c CF
|